Normal view
MARC view
- INDUSTRIAL MANAGEMENT PRODUCTION MANAGEMENT
Entry Topical Term
001 - CONTROL NUMBER
- control field: 57865
003 - CONTROL NUMBER IDENTIFIER
- control field: NUST
005 - DATE AND TIME OF LATEST TRANSACTION
- control field: 20210628202017.0
008 - FIXED-LENGTH DATA ELEMENTS
- fixed length control field: 210628|| aca||aabn | a|a d
040 ## - CATALOGING SOURCE
- Original cataloging agency: NUST
- Transcribing agency: NUST
150 ## - HEADING--TOPICAL TERM
- Topical term or geographic name entry element: INDUSTRIAL MANAGEMENT PRODUCTION MANAGEMENT
670 ## - SOURCE DATA FOUND
- Source citation: Work cat.: (NUST): Hanna, Mark D Newman, W. Rocky 57350, Intergrated operations management, adding value for customers, 2001
